000 00995cam a22003133a 4500
001 23046
003 PGUSA
005 20140828083506.0
008 071230s2007||||xxu|||||s|||||000 | eng d
040 _aPGUSA
_beng
042 _adc
050 4 _aPR
100 1 _aShakespeare, William,
_d1564-1616
245 1 4 _aThe Comedy of Errors :
_bThe Works of William Shakespeare [Cambridge Edition] [9 vols.]
_h[electronic resource] /
_cWilliam Shakespeare
260 _bProject Gutenberg,
_c2007
506 _aPublic domain in the USA.
516 _aElectronic text
653 _aMistaken identity -- Drama
653 _aGreece -- Drama
653 _aShipwreck victims -- Drama
653 _aComedies
653 _aBrothers -- Drama
653 _aTwins -- Drama
700 1 _aGlover, John, librarian of Trinity College, Cambridge
700 1 _aClark, William George,
_d1821-1878
830 0 _aProject Gutenberg
_v23046
856 4 0 _uhttp://www.gutenberg.org/ebooks/23046
942 _cEB
999 _c252301
_d252301